000 00839nam a22002177a 4500
003 UA-OsUOA
001 73433
007 ta
008 20110301b un ||||| |||| 00| 0 ukr d
100 _aХорошковська О.
090 _a81
_bХ82
942 _cSA
040 _aUA-OsUOA
_bukr
_cUA-OsUOA
_dUA-OsUOA
245 _aТекст як основа інтеграції мовно-літературного матеріалу в початкових класах шкіл з національними мовами навчання
300 _aС.49-53
955 _a0
041 _aukr
080 _a81
773 0 _w73431
_tУкраїнська мова і література в школі
_dК.
_d2010
_g8
650 7 _a8 Мовознавство. Художня література. Літературознавство
_2UDC
999 _c359713
_d359713